Loneliness and time : the story of British travel writing

Αποθηκεύτηκε σε:
Λεπτομέρειες βιβλιογραφικής εγγραφής
Κύριος συγγραφέας: Cocker, Mark, 1959-
Μορφή: Βιβλίο
Γλώσσα:English
Δημοσίευση: New York : Pantheon Books, c1992.
Θέματα:
Ετικέτες: Προσθήκη ετικέτας
Δεν υπάρχουν, Καταχωρήστε ετικέτα πρώτοι!

MARC

LEADER 00000nam a2200000 a 4500
001 1/125722
008 221220s1992####nyu| ||| |||| ||eng||
020 |a 0679422420  
040 |a GR-MyUa  |b gre  |c GR-MyUa  |e AACR2 
041 0 |a eng 
082 7 |a 828.08   |2 (23) 
100 1 |a Cocker, Mark,   |d 1959- 
245 1 0 |a Loneliness and time :   |b the story of British travel writing /   |c Marc Cocker.  
260 |a New York :   |b Pantheon Books,   |c c1992.  
300 |a 294 σ. ;   |c 24 εκ.  
504 |a Βιβλιογραφία: σ. 283-288. Περιέχει ευρετήριο.  
650 0 |a Travelers' writings, English  |x History and criticism. 
650 0 |a English prose literature  |x History and criticism. 
650 0 |a British  |x Historiography  |z Foreign countries. 
650 0 |a Voyages and travels  |x Historiography. 
650 0 |a Travel writing  |x History. 
650 0 |a Travel in literature 
852 |a INST  |b LESVOS  |e 20221220  |h 828.08 COC  |p 005100064034  |q 005100064034  |t BK  |y 0 
970 |a Καμάτσου  |b Δέσποινα  |z 20-12-2022